Country Name Length by Continent Quiz Stats

Quiz Updated Jul 13, 2016

Challenge
Share
Tweet
Embed
Score 0/45 Timer 09:00
15 Plays Today
Countries % Correct
China, India, Japan, Nepal, ...
95.1%
Chad, Mali, Togo
94.8%
Benin, Egypt, Gabon, Ghana, ...
94.4%
Italy, Malta, Spain
93.2%
Peru
91.6%
Belize, Canada, Mexico, Panama
90.2%
Iran, Iraq, Laos, Oman
89.5%
Cyprus, France, Greece, ...
89.4%
Chile
86.7%
Albania, Andorra, Belarus, ...
86.4%
Cuba
86%
Brazil, Guyana
84.3%
Algeria, Burundi, Comoros, ...
83.9%
Bhutan, Brunei, Israel, ...
80.5%
Fiji
79.5%
Cambodia, Malaysia, Maldives, ...
78.2%
Bolivia, Ecuador, Uruguay
77.6%
Antigua and Barbuda, Dominican Republic, ...
74.8%
Angola, Guinea, Malawi, ...
74.8%
Netherlands, Switzerland, ...
73.9%
Colombia, Paraguay, Suriname
73.6%
Botswana, Cameroon, Djibouti, ...
73.5%
Armenia, Bahrain, Georgia, ...
73.4%
Countries % Correct
Burkina Faso, Cote d'Ivoire, ...
73.4%
Nauru, Palau, Samoa, Tonga
71.1%
Haiti
70.4%
Argentina, Venezuela
68.4%
Bulgaria, Portugal, Slovakia, Slovenia
68.3%
Bahamas, Grenada, Jamaica
67.8%
Barbados, Dominica, Honduras
65.8%
Australia
65.5%
Azerbaijan, Bangladesh, ...
64.3%
Micronesia, New Zealand
63.6%
Afghanistan, Philippines, ...
63.3%
Madagascar, Mauritania, ...
58.8%
Costa Rica, Guatemala, Nicaragua
57.9%
Papua New Guinea, Solomon Islands, ...
57.2%
Lithuania, Macedonia, San Marino
52.9%
Tuvalu
52.3%
Vanuatu
49%
Indonesia, Singapore, Palestine
48.9%
Luxembourg, Montenegro
48%
Cabo Verde, The Gambia, ...
45.7%
El Salvador, Saint Lucia
42.1%
Kiribati
41.9%

You're not logged in!

Compare scores with friends on all Sporcle quizzes.
Sign Up with Email
OR
Log In

You Might Also Like...

Show Comments

Extras

Top Quizzes Today


Score Distribution

Your Account Isn't Verified!

In order to create a playlist on Sporcle, you need to verify the email address you used during registration. Go to your Sporcle Settings to finish the process.